000 01471cam a2200229 4500
001 L136668
008 070214n2007 000 0 eng u
020 _a9781840495553
035 _a(Sirsi) u136668
041 0 _aeng
050 _a711.4 $2 18
110 2 _aEngland and Wales
_bLocal Government Association
_93545
245 0 0 _aProsperous communities two
_bvive la devolution!
_h[electronic resource]
260 _aLondon
_bLGA
_c2007
505 _aHow does the sub-national economy work? -- Powers: labour market - localising welfare; transport - change here for integrations; economic development - linking growth and infrastructure; housing and planning - fewer strategies, better plans -- Governance -- In practice -- Annex one: attendance at LGA roundtables to develop the proposals in this report -- Annex two: summary of the menu of powers for devolution -- Annex three: economic development expenditure by source and region 2004/05.
520 _aSets out the LGA's evidence base for the need for devolution of powers to local councils and some concrete proposals for making it happen. Each place, city, town and shire is different. All have their own unique challenges. All require local solutions.
590 _aKA
651 4 _aEngland
_y886-
690 _aENVIRONMENTAL AND LAND CONSULTANCY-SUSTAINABILITY-SUSTAINABLE DEVELOPMENT
856 4 0 _uhttps://www.lga.gov.uk/lga/aio/21918
_zView the report free of charge at www.lga.gov.uk...
942 _n0
999 _c106470
_d106470